| 000 | 00334nam a2200109Ia 4500 | ||
|---|---|---|---|
| 008 | 171211s9999 xx 000 0 und d | ||
| 245 | _aSex Matters for Women: A Complete Guide to Taking Care of Your Sexual Self | ||
| 245 | _cJane Hunt | ||
| 260 | _c2012 | ||
| 650 | _xSexuality | ||
| 856 | _uhttp://down.ebook777.com/057/0979250013.pdf | ||
| 999 |
_c350727 _d350727 |
||